Planning with linear programming : (Record no. 543997)
[ view plain ]
| 000 -LEADER | |
|---|---|
| fixed length control field | 00587cam a22001577a 4500 |
| 020 ## - INTERNATIONAL STANDARD BOOK NUMBER | |
| International Standard Book Number | 9054106123 (hardbound) |
| 082 00 - DEWEY DECIMAL CLASSIFICATION NUMBER | |
| Classification number | 519.72 |
| Author Mark | WRI |
| -- | NUST 15 |
| 100 1# - MAIN ENTRY--PERSONAL NAME | |
| Personal name | Wright, E. Alaphia. |
| 9 (RLIN) | 39522 |
| 245 10 - TITLE STATEMENT | |
| Title | Planning with linear programming : |
| Remainder of title | a practical approach with the program LP-TOOLS / |
| Statement of responsibility, etc. | E. Alaphia Wright. |
| 260 ## - PUBLICATION, DISTRIBUTION, ETC. | |
| Place of publication, distribution, etc. | Rotterdam ; |
| -- | Brookfield, VT : |
| Name of publisher, distributor, etc. | A.A. Balkema, |
| Date of publication, distribution, etc. | c1996. |
| 300 ## - PHYSICAL DESCRIPTION | |
| Extent | viii, 150 p. : |
| Other physical details | ill. ; |
| Dimensions | 26 cm. + |
| Accompanying material | 1 computer disk (3 1/2 in.) |
| 526 ## - STUDY PROGRAM INFORMATION NOTE | |
| Program name | 0 |
| Interest level | 0 |
| Reading level | 0 |
| Title point value | 519_720000000000000_WRI |
| 650 #0 - SUBJECT ADDED ENTRY--TOPICAL TERM | |
| Topical term or geographic name entry element | Linear programming. |
| 9 (RLIN) | 10838 |
| 650 #0 - SUBJECT ADDED ENTRY--TOPICAL TERM | |
| Topical term or geographic name entry element | NUST |
| 9 (RLIN) | 6342 |
| 942 ## - ADDED ENTRY ELEMENTS (KOHA) | |
| Source of classification or shelving scheme | |
| Koha item type | Book |
| Withdrawn status | Lost status | Source of classification or shelving scheme | Damaged status | Not for loan | Permanent Location | Current Location | Date acquired | Total Checkouts | Full call number | Barcode | Date last seen | Price effective from | Koha item type |
|---|---|---|---|---|---|---|---|---|---|---|---|---|---|
| Military College of Engineering (MCE) | Military College of Engineering (MCE) | 04/09/2014 | 519.72 WRI | MCE-43878 | 04/09/2014 | 04/09/2014 | Book |
